W jakich klubach grają Reprezentanci Polski - Statystyki

Ogólne statystyki
  • Ten quiz został rozwiązany 23 razy
  • Średni wynik to 14 z 25
Statystyki odpowiedzi
Piłkarz Klub Pozycja % Poprawnych
Matty Cash Aston Villa Obrońca
96%
Paweł Wszołek Legia Obrońca
96%
Kamil Grosicki Pogoń Pomocnik
96%
Jan Bednarek Porto Obrońca
96%
Jakub Kiwior Porto Obrońca
96%
Bartosz Kapustka Legia Pomocnik
91%
Łukasz Skorupski Bologna Bramkarz
87%
Piotr Zieliński Inter Mediolan Pomocnik
87%
Kacper Tobiasz Legia Bramkarz
87%
Kamil Grabara Wolfsburg Bramkarz
87%
Jan Ziółkowski AS Roma Obrońca
83%
Robert Lewandowski (C) FC Barcelona Napastnik
83%
Przemysław Wiśniewski Spezia Obrońca
65%
Michał Skóraś Gent Pomocnik
52%
Jakub Piotrkowski Udinese Pomocnik
52%
Tomasz Kędziora Paok Obrońca
48%
Arkadiusz Pyrka St. Pauli Obrońca
43%
Bartosz Slisz Atlanta United Pomocnik
30%
Krzysztof Piątek Al-Duhail Napastnik
17%
Jakub Kamiński FC Koeln Pomocnik
17%
Kacper Kozłowski Gaziantep Pomocnik
13%
Przemysław Frankowski Stade Rennais Pomocnik
13%
Sebastian Szymański Federbache Pomocnik
0%
Bartłomiej Drągowski Panathanikos Bramkarz
0%
Karol Świderski Panathanikos Napastnik
0%
Nie znaleziono quizów pasujących do podanych kryteriów
Rozkład punktacji
Procent ludzi z każdym wynikiem
Percentyl według liczby udzielonych odpowiedzi
Twoja historia wyników
Nie rozwiązałeś tego quizu